LEADER 04911nam 2201069Ia 450 001 996582058003316 005 20230207232733.0 010 $a0-8147-8573-5 010 $a0-8147-8571-9 024 7 $a10.18574/9780814785737 035 $a(CKB)2560000000052750 035 $a(EBL)865998 035 $a(OCoLC)779828347 035 $a(SSID)ssj0000467714 035 $a(PQKBManifestationID)11290585 035 $a(PQKBTitleCode)TC0000467714 035 $a(PQKBWorkID)10489814 035 $a(PQKB)10109160 035 $a(StDuBDS)EDZ0001323742 035 $a(MiAaPQ)EBC865998 035 $a(OCoLC)694145279 035 $a(MdBmJHUP)muse4912 035 $a(DE-B1597)548164 035 $a(DE-B1597)9780814785737 035 $a(Au-PeEL)EBL865998 035 $a(CaPaEBR)ebr10425206 035 $a(EXLCZ)992560000000052750 100 $a20100610d2010 uy 0 101 0 $aeng 135 $aur|n|---||||| 181 $ctxt 182 $cc 183 $acr 200 00$aCivil War citizens$b[electronic resource] $erace, ethnicity, and identity in America's bloodiest conflict /$fedited by Susannah J. Ural 210 $aNew York $cNew York University Press$dc2010 215 $a1 online resource (249 p.) 300 $aIncludes index. 311 $a0-8147-8570-0 311 $a0-8147-8569-7 320 $aIncludes bibliographical references and index. 327 $tFrontmatter -- $tContents -- $tIntroduction -- $t1. Yankee Dutchmen -- $t2. ?With More Freedom and Independence Than the Yankees? -- $t3. ?Ye Sons of Green Erin Assemble? -- $t4. Irish Rebels, Southern Rebels -- $t5. The Jewish Confederates -- $t6. Native Americans in the Civil War -- $t7. The African American Struggle for Citizenship Rights in the Northern United States during the Civil War -- $tAbout the Contributors -- $tIndex 330 $aAt its core, the Civil War was a conflict over the meaning of citizenship. Most famously, it became a struggle over whether or not to grant rights to a group that stood outside the pale of civil-society: African Americans. But other groups--namely Jews, Germans, the Irish, and Native Americans--also became part of this struggle to exercise rights stripped from them by legislation, court rulings, and the prejudices that defined the age.Grounded in extensive research by experts in their respective fields, Civil War Citizens is the first volume to collectively analyze the wartime experiences of those who lived outside the dominant white, Anglo-Saxon Protestant citizenry of nineteenth-century America. The essays examine the momentous decisions made by these communities in the face of war, their desire for full citizenship, the complex loyalties that shaped their actions, and the inspiring and heartbreaking results of their choices-- choices that still echo through the United States today. Contributors: Stephen D. Engle, William McKee Evans, David T. Gleeson, Andrea Mehrländer, Joseph P. Reidy, Robert N. Rosen, and Susannah J. Ural. 606 $aMinorities$zUnited States$xSocial conditions$y19th century 606 $aImmigrants$zUnited States$xSocial conditions$y19th century 607 $aUnited States$xHistory$yCivil War, 1861-1865$xParticipation, Immigrant 607 $aUnited States$xHistory$yCivil War, 1861-1865$xParticipation, German American 607 $aUnited States$xHistory$yCivil War, 1861-1865$xParticipation, Irish American 607 $aUnited States$xHistory$yCivil War, 1861-1865$xParticipation, Jewish 607 $aUnited States$xHistory$yCivil War, 1861-1865$xParticipation, Indian 607 $aUnited States$xHistory$yCivil War, 1861-1865$xParticipation, African American 607 $aUnited States$xHistory$yCivil War, 1861-1865$xSocial aspects 607 $aUnited States$xSocial conditions$y19th century 610 $aAmerica. 610 $aAnglo-Saxon. 610 $aCitizens. 610 $aCivil. 610 $aGrounded. 610 $aProtestant. 610 $abook. 610 $acitizenry. 610 $adominant. 610 $aeffort. 610 $aexperiences. 610 $aexperts. 610 $aextensive. 610 $afields. 610 $afirst. 610 $agather. 610 $ainto. 610 $alived. 610 $anineteenth-century. 610 $aoutside. 610 $apopulations. 610 $aresearch. 610 $arespective. 610 $atheir. 610 $atogether. 610 $awartime. 610 $awhite. 615 0$aMinorities$xSocial conditions 615 0$aImmigrants$xSocial conditions 676 $a973.7/1 686 $a15.85$2bcl 686 $a74.94$2bcl 701 $aUral$b Susannah J$01655159 801 0$bMiAaPQ 801 1$bMiAaPQ 801 2$bMiAaPQ 906 $aBOOK 912 $a996582058003316 996 $aCivil War citizens$94007420 997 $aUNISA LEADER 04783oam 2200649 c 450 001 9910960598303321 005 20260302090207.0 010 $a3-657-77307-X 024 7 $a10.30965/9783657773077 035 $a(CKB)4330000000532641 035 $a(OCoLC)851822499 035 $a(nllekb)BRILL9783657773077 035 $a(MiAaPQ)EBC6516930 035 $a(Au-PeEL)EBL6516930 035 $a(OCoLC)1243545876 035 $a(Brill | Scho?ningh)9783657773077 035 $a(Brill | Schöningh)9783657773077 035 $a(EXLCZ)994330000000532641 100 $a20260302d2012 uy 0 101 0 $ager 135 $aurun####uuuua 181 $ctxt$2rdacontent 182 $cc$2rdamedia 183 $2rdacarrier 200 13$aAn meinen Geist: Friedrich der Große in seiner Dichtung$eEine Anthologie$fFriedrich der Große, Jürgen Overhoff, Vanessa de Senarclens, Vanessa de Senarclens 205 $a1st ed. 210 $aPaderborn$cBrill | Schöningh$d2012 215 $a1 online resource 311 08$a3-506-77307-0 320 $aIncludes bibliographical references and index. 327 $aIntro -- An meinen Geist: Friedrich der Große in seiner Dichtung: Eine Anthologie -- INHALT -- Vorwort: Ein König, der dichtet -- JUGENDGEDICHTE, 1731-1735 -- Einleitung -- Ode an Frau von Wreech -- Stanzen -- Sonett -- An Herrn von Grumbkow, den großmütigen Kaschuben -- Epistel an meine Schwester in Bayreuth -- Während des Feldzugs am Rheine. Im Jahre 1734 -- DIE RHEINSBERGER JAHRE, 1736-1740 -- Einleitung -- Epistel an Jordan -- An den Herrn Antoine Pesne -- Die Lust -- An Algarotti -- DER PHILOSOPH VON SANSSOUCI, 1740-1756 -- Einleitung -- An Voltaire -- An den Grafen Algarotti -- Epigramm -- Ode an Voltaire. Dass er das Herannahen des Alters und des Todes akzeptiere -- Epistel an Sweerts. Über die Freuden -- Epistel an Feldmarschall Keith. Über die leeren Schrecken des Todes und das Bangen vor einem Jenseits -- Epistel an Darget: Apologie der Könige -- An meinen Geist -- GEDICHTE AUS DEM SIEBENJÄHRIGEN KRIEG, 1756-1763 -- Einleitung -- Epistel an meine Schwester in Bayreuth -- Brief des Unmuts -- Epistel an d'Argens -- Antwort an den Herrn Voltaire -- Verse über Candide -- Epistel über den Frühling -- Ode über die Zeit -- Verse im Namen eines Schweizers, an ein gewisses Fräulein Ulrike, in das er verliebt war -- Der Schweizer an das Schreibepult des Fräuleins Ulrike -- Die zwei Hunde und der Mensch. Eine Fabel -- ALTERSGEDICHTE, 1763-1786 -- Einleitung -- Epistel über das Zuwenig und Zuviel an Frau von Morrien -- Verse des Windspiels Diana an die Prinzessin von Preußen -- An meine Schwester Amalie, unter ihrem Fenster in der Nacht, als ich nach Schlesien abreiste -- An eine Hündin -- An den Küchenchef Noël -- An Voltaire -- An den Baron von Pöllnitz, über seine Auferstehung -- Unde? Ubi? Quo? Das Dasein Gottes -- Nachwort: Friedrichs Dichtung und die deutsche Seele -- Zu den Vignetten: Der Berliner Hofkupferstecher -- Anmerkungen. 327 $aBibliographie. 330 $aWas denn - ein König, der dichtet? In vielen seiner Briefe und Gedichte stellt sich Friedrich der Große selbst diese von Verblüffung zeugende Frage.Auch wir wissen bis heute kaum etwas über sein poetisches Talent. Bei einer Lektüre seiner Gedichte, in denen der König sich mitunter flehentlich an die Nachwelt wendet, weil er von den Nachgeborenen auch über seinen Tod hinaus gerecht und als vielschichtige Persönlichkeit beurteilt zu werden wünscht, erfährt der Leser manches Unbekannte über Friedrichs intimste Sehnsüchte, aber auch über die philosophischen und sittlichen Maßstäbe seiner aufgeklärten Lebensführung.Der liebevoll gestaltete Band bietet eine Auswahl der schönsten Gedichte Friedrichs des Großen aus allen seinen Lebensphasen, sowohl in der französischen Originalfassung als auch in meisterhaften, zwischen dem 18. und 21. Jahrhundert angefertigten Übertragungen in die deutsche Sprache. 606 $aallgemeine Literaturwissenschaft 606 $aAnthologie 606 $aBlütenlese 606 $aLiteratur 606 $aLiteraturwissenschaft 606 $aSammlung 615 4$aallgemeine Literaturwissenschaft 615 4$aAnthologie 615 4$aBlütenlese 615 4$aLiteratur 615 4$aLiteraturwissenschaft 615 4$aSammlung 676 $a943.0530924 700 $aGroße$b Friedrich der$4aut$01836416 702 $aOverhoff$b Jürgen$4edt 702 $ade Senarclens$b Vanessa$4edt 702 $aSenarclens$b Vanessa de$4edt 801 0$bMiAaPQ 801 1$bMiAaPQ 801 2$bMiAaPQ 906 $aBOOK 912 $a9910960598303321 996 $aAn meinen Geist: Friedrich der Große in seiner Dichtung$94414534 997 $aUNINA